Tierra Adentro : número 53, mayo-junio 1991 : erotismo y creación : eros y literatura joven /
-д хадгалсан:
| Бусад зохиолчид: | |
|---|---|
| Формат: | Ном |
| Хэл сонгох: | испани |
| Хэвлэсэн: |
México :
CONACULTA,
1991
|
| Цуврал: | (Tierra Adentro ;
53) |
| Нөхцлүүд: | |
| Шошгууд: |
Шошго байхгүй, Энэхүү баримтыг шошголох эхний хүн болох!
|
MARC
| LEADER | 00000nam^a2200000^a^4500 | ||
|---|---|---|---|
| 001 | 000630250 | ||
| 005 | 20260413000000.0 | ||
| 009 | 20260413195720.733 | ||
| 022 | |a 0185-0938 | ||
| 037 | |a Acervo ITESO - Biblioteca | ||
| 041 | |a ESP | ||
| 082 | |a 805. |b TAD V. 53 | ||
| 240 | 1 | 1 | |a [Tierra adentro] |
| 245 | 0 | 0 | |a Tierra Adentro : |b número 53, mayo-junio 1991 : erotismo y creación : eros y literatura joven / |c Dir. de J. Ruiz Dueñas. |
| 264 | 1 | |a México : |b CONACULTA, |c 1991 | |
| 300 | |a 59 p. | ||
| 336 | |a texto |b txt |2 rdacontenido | ||
| 337 | |a sin mediación |b n |2 rdamedio | ||
| 338 | |a volumen |b nc |2 rdasoporte | ||
| 440 | 1 | |a (Tierra Adentro ; |v 53) | |
| 567 | |a Catalogación rápida | ||
| 649 | |a XX | ||
| 650 | |a Literatura Erótica - |x Publicaciones Periódicas | ||
| 650 | |a Arte - |x Publicaciones Periódicas - |x Tema Principal | ||
| 650 | |a Literatura - |x Publicaciones Periódicas - |x Tema Principal | ||
| 650 | |a Publicaciones Periódicas Mexicanas | ||
| 650 | |a Publicaciones Periódicas | ||
| 700 | |a Ruiz Dueñas, Jorge |e (dirección) | ||
| 910 | |a Fondo Castillo-Martínez | ||
| 920 | |a Impresos - Libros | ||
| 930 | |a Fondos Especiales | ||
| 940 | |a Literatura | ||
| 905 | |a 127 | ||
| 901 | |a 630250-10 |b IT2 |c ESP |i D124086 |u 20260413 | ||
| 902 | |a https://opac.biblio.iteso.mx/vufind/Record/000630250 | ||